Economics (Record no. 83241)

MARC details
000 -LEADER
fixed length control field 01000cab a22002295a 4500
001 - CONTROL NUMBER
control field L153259
008 - FIXED-LENGTH DATA ELEMENTS--GENERAL INFORMATION
fixed length control field 110704e20110624xxk 000 0 eng d
035 ## - SYSTEM CONTROL NUMBER
System control number (Sirsi) u153259
041 0# - LANGUAGE CODE
Language code of text/sound track or separate title eng
100 1# - MAIN ENTRY--PERSONAL NAME
Personal name Wilcock, Mike
245 00 - TITLE STATEMENT
Title Economics
Remainder of title cost model, global manufacturing
260 ## - PUBLICATION, DISTRIBUTION, ETC.
Date of publication, distribution, etc. 2011
490 ## - SERIES STATEMENT
Series statement Building
Volume/sequential designation 276(8684) 24 June 2011, 48-53(6)
520 ## - SUMMARY, ETC.
Summary, etc. Manufacturing in many countries is showing strong signs of recovery and the development of manufacturing facilities is required to keep pace with contemporary process and technologies. Introduction, market overview, key drivers, building engineering, where to invest and why, regional share of global manufacturing, global manufacturing competitiveness index 2010 and future; UK machining and assembly facility.
590 ## - LOCAL NOTE (RLIN)
Local note KA
651 #4 - SUBJECT ADDED ENTRY--GEOGRAPHIC NAME
Geographic name International
651 #4 - SUBJECT ADDED ENTRY--GEOGRAPHIC NAME
Geographic name United Kingdom
Chronological subdivision
690 ## - LOCAL SUBJECT ADDED ENTRY--TOPICAL TERM (OCLC, RLIN)
Topical term or geographic name as entry element BUILT ENVIRONMENT-BUILDING COSTS
690 ## - LOCAL SUBJECT ADDED ENTRY--TOPICAL TERM (OCLC, RLIN)
Topical term or geographic name as entry element Project management
9 (RLIN) 6261
700 1# - ADDED ENTRY--PERSONAL NAME
Personal name Jenkins, Miles
942 ## - ADDED ENTRY ELEMENTS (KOHA)
Suppress in OPAC 0
Holdings
Withdrawn status Lost status Source of classification or shelving scheme Damaged status Not for loan Home library Current library Shelving location Date acquired Total Checkouts Full call number Barcode Date last seen Copy number Price effective from Koha item type
    Dewey Decimal Classification     London London Journal article 04/07/2011   L153259 153259-1001 06/08/2019 1 06/08/2019 Journal article